Sintezy geterocikličeskich sojedinenij. Vypusk VII

Salvato in:
Dettagli Bibliografici
Natura: Libro
Pubblicazione: Jerevan : AN Armjanskoj SSR, 1966
Tags: Aggiungi Tag
Nessun Tag, puoi essere il primo ad aggiungerne!!

MARC

LEADER 00000nam a22000003a 4500
001 stu15736
005 20141122084338.5
008 ------s1966----xxr---------------------d
040 |a STU  |b slo 
041 0
044 |a xxr 
080 |a 547.7  |7 stu_us_auth*stu15545 
245 |a Sintezy geterocikličeskich sojedinenij. Vypusk VII  
260 |a Jerevan :  |b AN Armjanskoj SSR,  |c 1966 
300 |a 85 s :  |b Lit.,index 
996 |b C81005  |c C*81005  |l CCIV  |s P  |a 0  |w stu15736_0001